000 00346nam a2200133Ia 4500
008 240624s9999 xx 000 0 und d
041 _aeng
082 _a920 RAO
100 _aRAO PARSA VENKATESHWAR
245 _aMULLAH OMAR AND ROBBESPIERRE ESSAYS IN T
260 _c2005
_aNew Delhi
_bRupa and Company
300 _a176 : p.
365 _cRS
_b25
999 _c17613
_d17613